000 01523nam0a2200349 i 4500
001 RU\NLR\BIBL_A\010022111
005 20241115074015.0
010 _a9785981565106
_9500
021 _aRU
_b2013-92633
_96416
035 _a(NILC)RuMoRGB-006698482
035 _a(NLR Aleph) 010022111
090 _a9906600
_c9906600
100 _a20140116d2013 u y0rusy50 ca
101 0 _arus
102 _aRU
105 _ay|||z|||001yy
200 1 _aРоссия, год 1917-й: от Февраля к Октябрю, или Заметки о том, кто и как свергнул монархию, а затем привел к власти большевиков
_eфакты. Свидетельства. Комментарии
_fЕвгений Сикорский
210 _aСмоленск
_cАверс
_d2013
215 _a588 с.
_d25
320 _aБиблиогр. в примеч.: с. 464-588
517 1 _aЗаметки о том, кто и как свергнул монархию, а затем привел к власти большевиков
607 _aРоссия
_xИстория
_z1917
_92250871
_3RU\NLR\AUTH\661350120
675 _a94(47+57)<1917>
686 1 _aТ3(2) 524,02
686 1 _aТ3(2)711.1
700 1 _aСикорский
_bЕ. А.
_gЕвгений Александрович
801 0 _aRU
_bRuMoRKP
_c20131118
_gRCR
801 2 _aRU
_bРГБ
_c20131128
_grcr
942 _cBOOK
980 _aNBR